Breve historia universal (hasta el año 2000)
Guardado en:
| Autor principal: | |
|---|---|
| Formato: | Libro |
| Lenguaje: | español |
| Publicado: |
Santiago, Chile:
Universitaria,
2012
|
| Edición: | Vigesimotercera edición. |
| Colección: | El Saber y la Cultura
|
| Materias: | |
| Etiquetas: |
Agregar Etiqueta
Sin Etiquetas, Sea el primero en etiquetar este registro!
|
MARC
| LEADER | 00000cam a2200000 a 4500 | ||
|---|---|---|---|
| 001 | UCF7562 | ||
| 003 | CL-VaPUC | ||
| 005 | 20250416124255.0 | ||
| 008 | 130627e20121000CL |||||||||||||||||spa|d | ||
| 999 | |c 352380 |d 352378 | ||
| 020 | |a 9789561119024 | ||
| 040 | |c Pontificia Universidad Católica de Valparaíso | ||
| 082 | 0 | 4 | |a 909 KRE 2012 |2 21 |
| 100 | 1 | |a Krebs Wilckens, Ricardo |e autor |9 588021 | |
| 245 | 1 | 0 | |a Breve historia universal (hasta el año 2000) |
| 250 | |a Vigesimotercera edición. | ||
| 260 | |a Santiago, Chile: |b Universitaria, |c 2012 | ||
| 300 | |a 521 páginas | ||
| 490 | 0 | |a El Saber y la Cultura | |
| 583 | |a last modification |c 20130627 13:18:00 |k Rodrigo Vera | ||
| 650 | 0 | |a Historia universal |9 266877 | |
| 942 | |c BK |2 ddc | ||
| 945 | |d 20130627 00:00:00 |a dcastane | ||
| 952 | |0 0 |1 0 |3 erb |4 0 |6 909_000000000000000_KRE_2012 |7 0 |8 A |9 456881 |a BIBDER |b BIBDER |i 5082021 |o 909 KRE 2012 |p 5082021 |r 2023-01-25 |w 2019-11-22 |y BK |z Catalogado en:20140605 |k DER | ||